Sổ tay siêu âm tiền liệt tuyến qua trực tràng = Manuel dechographie prostatique par voie endorectale patrice pfeifer

Đã lưu trong:
書目詳細資料
格式: 圖書
語言:Undetermined
出版: KHKT
標簽: 添加標簽
沒有標簽, 成為第一個標記此記錄!
Thư viện lưu trữ: Trung tâm Học liệu Trường Đại học Cần Thơ
LEADER 00425nam a2200121Ia 4500
001 CTU_45436
008 210402s9999 xx 000 0 und d
082 |a 616.075 
082 |b P525 
245 0 |a Sổ tay siêu âm tiền liệt tuyến qua trực tràng 
245 0 |b = Manuel dechographie prostatique par voie endorectale patrice pfeifer 
260 |b KHKT 
980 |a Trung tâm Học liệu Trường Đại học Cần Thơ